000 00502nam a2200157Ia 4500
003 GCL
008 140319s9999 xx 000 0 ara d
040 _aGCL /
_cGCL
082 0 4 _a301.1543
_bن ع
100 1 _aمحمد عاطف غيث
245 1 0 _aعلم اجتماع التنمية: دراسة فى اجتماعيات العالم الثالث /
_cمحمد عاطف غيث
700 1 _aنبيل السراج
700 1 _aنبيل السمالوطى
300 _a475 ص
490 _a100 قصة
_v0
999 _c43342
_d43342